[Historia de Chile (Record no. 154506)

MARC details
000 -LEADER
campo de control de longitud fija 01048nam a2200229 i 4500
001 - NÚMERO DE CONTROL
campo de control 154506
003 - IDENTIFICADOR DE NÚMERO DE CONTROL
campo de control ES-MaACL
005 - FECHA Y HORA DE LA ÚLTIMA TRANSACCIÓN
campo de control 20250808005708.0
008 - DATOS DE LONGITUD FIJA--INFORMACIÓN GENERAL
campo de control de longitud fija 950103s1852 sp |||| | spa d
040 ## - FUENTE DE CATALOGACIÓN
Centro catalogador/agencia de origen EUS
Lengua de catalogación spa
Centro/agencia transcriptor EUS
100 1# - ENTRADA PRINCIPAL--NOMBRE DE PERSONA
Nombre de persona Góngora Marmolejo, Alonso de.
9 (RLIN) 127729
245 11 - MENCIÓN DEL TÍTULO
Título [Historia de Chile
Resto del título : desde su descubrimiento hasta el año de 1575 /
Mención de responsabilidad, etc. compuesta por el Capitán Alonso de Góngora Marmolejo].
260 ## - PUBLICACIÓN, DISTRIBUCIÓN, ETC.
Lugar de publicación, distribución, etc. Madrid :
Nombre del editor, distribuidor, etc. Real Academia de la Historia,
Fecha de publicación, distribución, etc. 1852 (
Fabricante Imprenta de la Real Academia de la Historia)
300 ## - DESCRIPCIÓN FÍSICA
Extensión XXVII, 511 p. ;
Dimensiones 23 cm.
490 1# - MENCIÓN DE SERIE
Mención de serie Memorial histórico español ;
Designación de volumen o secuencia 4
505 8# - NOTA DE CONTENIDO CON FORMATO
Nota de contenido con formato Contiene: Las páginas con números romanos las actas de la Academia en los seis primeros meses de 1852, el texto a partir de la p. 1
651 #4 - PUNTO DE ACCESO ADICIONAL DE MATERIA--NOMBRE GEOGRÁFICO
Nombre geográfico Chile-
Subdivisión general Historia-
Subdivisión cronológica 1535-1560, descubrimiento y conquista.
9 (RLIN) 8039
651 #4 - PUNTO DE ACCESO ADICIONAL DE MATERIA--NOMBRE GEOGRÁFICO
Nombre geográfico Chile-
Subdivisión general Historia-
Subdivisión cronológica 1560-1810, Época colonial.
9 (RLIN) 153615
830 00 - PUNTO DE ACCESO ADICIONAL DE SERIE-TÍTULO UNIFORME
Título uniforme Memorial histórico español
Designación de volumen o secuencia 4
9 (RLIN) 187759
852 ## - LOCALIZACIÓN
Ubicación ES-MaACL
Número de control de estantería C-19309
Holdings
Estatus retirado Estado de pérdida Estado de daño No para préstamo Colección Biblioteca de origen Biblioteca actual Ubicación en estantería Fecha de adquisición Fuente de adquisición Total de préstamos Signatura topográfica completa Código de barras Visto por última vez Precio de reemplazo Tipo de ítem Koha
        Libros del s. XIX Biblioteca del Ateneo de Madrid Biblioteca del Ateneo de Madrid Galería 17/01/2008     C-19309 1161585 23/02/2023 23/02/2023 Libro impreso antiguo